| 000 | 00860na a2200253 4500 | ||
|---|---|---|---|
| 001 | 12759 | ||
| 003 | MIRAKIL | ||
| 005 | 20181213155001.0 | ||
| 008 | 160831b tu 000 0 | ||
| 020 | _a9751935709 | ||
| 035 | _a12759 | ||
| 040 |
_aMilas _btur _cTR-AnCHP |
||
| 082 |
_a297.1978 _bG95 2004 |
||
| 090 | _a297.1978 G95 2004 | ||
| 111 |
_aGüncel Dini Meseleler İstişare Toplantısı _c(İstanbul _d2002 _n1.) |
||
| 245 |
_aGüncel dini meseleler istişare toplantısı-I, 15-18 Mayıs 2002, İstanbul _cyayına hazırlayan Mehmet Bulut |
||
| 260 |
_aAnkara _bDiyanet İşleri Başkanlığı _c2004 |
||
| 300 |
_ax, 787 s. _c24 sm. |
||
| 490 |
_aİlmi eserler dizisi _v100 |
||
| 490 |
_aDiyanet İşleri Başkanlığı yayınları _v615 |
||
| 650 |
_aİslam dini _xDinsel sorunlar _yToplantılar |
||
| 700 | _aBulut,Mehmet | ||
| 942 |
_2ddc _cBKS |
||
| 999 |
_c4316 _d4316 |
||